| 000 | 00580cam a2200157 a 4500 | ||
|---|---|---|---|
| 020 | _a0813388090 (alk. paper) | ||
| 082 | 0 | 0 |
_a322/.5/095491 _bSAE |
| 100 | 1 |
_aShafqat, Saeed. _937685 |
|
| 245 | 1 | 0 |
_aCivil-military relations in Pakistan : _bfrom Zulfikar Ali Bhutto to Benazir Bhutto / _cSaeed Shafqat. |
| 260 |
_aBoulder, Colo. : _bWestview Press ; _a[Lahore], Pakistan : _bPak Book Corp., _c1997. |
||
| 300 |
_axii, 283 p. ; _c24 cm. |
||
| 526 |
_a0 _b0 _c0 _d322_509549100000000_SAE |
||
| 650 | 0 |
_aCivil-military relations _zPakistan. _924541 |
|
| 650 | 0 |
_aMCE _9379 |
|
| 942 |
_2ddc _cBK |
||
| 999 |
_c542505 _d542505 |
||